El Cens del personal de les entitats locals
ISBN:
84-393-1990-8
Publicado:
Barcelona :
Generalitat de Catalunya, Departament de Governació, Direcció General d'Administració Local ,
1992
Descripción Física:
460 p. ; 24 cm
MARC
| LEADER | 00000nam a2200000Ia 4500 | ||
|---|---|---|---|
| 001 | 14037 | ||
| 008 | 160829s1992 xx 000 0 cat d | ||
| 020 | |a 84-393-1990-8 | ||
| 080 | |a M-4-91 | ||
| 245 | |a El Cens del personal de les entitats locals | ||
| 260 | |a Barcelona : |b Generalitat de Catalunya, Departament de Governació, Direcció General d'Administració Local, |c 1992 | ||
| 300 | |a 460 p. ; |c 24 cm | ||
| 650 | |a Funcionaris i empleats locals |x Catalunya |x Estadístiques |9 22014 | ||
| 710 | 1 | |a Catalunya. |b Direcció General d'Administració Local |9 53065 | |
| 901 | |a Arxiu | ||
| 942 | |n 1 | ||
| 952 | |0 0 |1 0 |4 0 |6 M491 |7 1 |9 42001 |a Arxiu |b Arxiu |d 2016-12-01 |l 0 |o M-4-91 |p 14037 |r 2016-12-01 00:00:00 |w 2016-12-01 |y ARXIU | ||
| 999 | |c 44448 |d 44448 | ||